000 00518nam a2200133Ia 4500
008 100328s9999 xx 000 0 und d
082 _b63839
100 _aहेडा ब्रिजमोहन-अनु.
245 _aमहात्मा गांधी आदिपर्व-खंड-2.
260 _bपराग.
630 _aमहात्मा गांधी आदिपर्व-खंड-2.
730 _aमहात्मा गांधी आदिपर्व-खंड-2.
942 _cBOOK
999 _c549680
_d549677